Moshe haḥtal. = Moses fasciatus h.e. geneseos. Cap. priorum nonnulla in gratiam juventutis scholæ merc. scissor. Philebra[...] seorsim edita. Quibus accessit targum onkelos, seu paraphrasis chaldaica.
| Uniform Title: | Bible. |
|---|---|
| Format: | eBook |
| Language: | Hebrew Aramaic Latin |
| Language Notes: | Text in Hebrew and Aramaic in parallel columns. |
| Published: |
Londini :
Apud Thomam Roycroft, LL. orientalium typographum regium,
1664.
|
| Series: | Early English books online.
|
| Subjects: | |
| Online Access: | Connect to the full text of this electronic book |
MARC
| Tag | First Indicator | Second Indicator | Subfields |
|---|---|---|---|
| LEADER | 00000nam a2200000Ia 4500 | ||
| 001 | in00004330521 | ||
| 005 | 20200812091209.0 | ||
| 006 | m g d | ||
| 007 | cr bn |||a|bb| | ||
| 008 | 030715s1664 enk o 000 0 heb d | ||
| 035 | |a (OCoLC)52612041 | ||
| 040 | |a EAE |c EAE |e dcrb | ||
| 037 | |a CL0037000121 |b ProQuest Information and Learning. 300 N. Zeeb Rd., Ann Arbor, MI 48106 | ||
| 041 | 1 | |a heb |a arc |a lat | |
| 090 | |a BS1241 |b 1664 | ||
| 049 | |a UMIA | ||
| 130 | 0 | |a Bible. |p Exodus. |l Polyglot. |k Selections. |f 1664 | |
| 245 | 1 | 0 | |a Moshe haḥtal. = |b Moses fasciatus h.e. geneseos. Cap. priorum nonnulla in gratiam juventutis scholæ merc. scissor. Philebra[...] seorsim edita. Quibus accessit targum onkelos, seu paraphrasis chaldaica. |
| 246 | 3 | 0 | |a Moses fasciatus |
| 260 | |a Londini : |b Apud Thomam Roycroft, LL. orientalium typographum regium, |c 1664. | ||
| 300 | |a 1 online resource ([22] pages) | ||
| 336 | |a text |b txt |2 rdacontent | ||
| 337 | |a computer |b c |2 rdamedia | ||
| 338 | |a online resource |b cr |2 rdacarrier | ||
| 500 | |a Title in Latin, Hebrew, and Greek. | ||
| 546 | |a Text in Hebrew and Aramaic in parallel columns. | ||
| 500 | |a Reproduction of the original in the National Library of Scotland. | ||
| 510 | 4 | |a Wing (2nd edition) |c B2741 | |
| 533 | |a Electronic reproduction. |b Ann Arbor, Mich. : |c UMI, |d 1999- |f (Early English books online) |n Digital version of: (Early English Books, 1641-1700 ; 2784:5) |7 s1999 miun s | ||
| 600 | 0 | 0 | |a Moses (Biblical leader) |x Birth |v Early works to 1800. |
| 650 | 0 | |a Hebrew language |v Readers |y 17th century. | |
| 650 | 0 | |a Aramaic language |v Readers |y 17th century. | |
| 830 | 0 | |a Early English books online. | |
| 856 | 4 | 0 | |u http://proxy.library.tamu.edu/login?url=https://search.proquest.com/docview/2240875090 |z Connect to the full text of this electronic book |t 0 |
| 999 | f | f | |s 12326528-9c69-352e-8d15-f2bc67e5cdb4 |i d7220ca9-6828-3aa1-b820-f588b9f5a2df |t 0 |
| 952 | f | f | |a Texas A&M University |b College Station |c Electronic Resources |d Available Online |t 0 |e BS1241 1664 |h Library of Congress classification |
| 998 | f | f | |a BS1241 1664 |t 0 |l Available Online |